[Event "Collado Villalba op-B 36th"]
[Site "Collado Villalba"]
[Date "2019.08.24"]
[Round "2"]
[White "Tudoroiu, Adrian Eugeni"]
[Black "Fernandez Garcia, Emiliano"]
[Result "0-1"]
[WhiteElo "1108"]
[BlackElo "1530"]
[PlyCount "57"]
[EventDate "2019.08.23"]
[EventType "swiss"]
[EventRounds "9"]
[EventCountry "ESP"]
[SourceTitle "CBM 192 Extra"]
[Source "Chessbase"]
[SourceDate "2019.11.06"]
[SourceVersion "1"]
[SourceVersionDate "2019.11.06"]
[SourceQuality "1"]

1. d4 d5 2. Bf4 Nf6 3. e3 e6 4. Nf3 c5 5. Be2 Qb6 6. Qc1 Nc6 7. 0-0 cxd4 8. Rd1 dxe3 9. Bxe3 Bc5 10. Rd3 Bxe3 11. fxe3 0-0 12. Nc3 Rd8 13. Qd2 e5 14. Na4 Qc7 15. Rc3 Ne4 16. Qd3 Nxc3 17. Nxc3 Be6 18. Ng5 e4 19. Ncxe4 dxe4 20. Qxe4 g6 21. Qh4 h5 22. Bxh5 Qe5 23. Bxg6 fxg6 24. Qh7+ Kf8 25. Rf1+ Ke8 26. Nf7 Qxe3+ 27. Kh1 Bf5 28. Qg8+ Kd7 29. g4 0-1

[Event "Mostoles op 10th"]
[Site "Mostoles"]
[Date "2019.07.26"]
[Round "9"]
[White "Tudoroiu, Adrian Eugeni"]
[Black "Rubio Gonzalez, Beltran"]
[Result "0-1"]
[WhiteElo "1108"]
[BlackElo "1576"]
[PlyCount "78"]
[EventDate "2019.07.18"]
[EventType "swiss"]
[EventRounds "9"]
[EventCountry "ESP"]
[SourceTitle "EXT 2021"]
[Source "ChessBase"]
[SourceDate "2020.10.23"]
[SourceVersion "1"]
[SourceVersionDate "2020.10.23"]
[SourceQuality "1"]

1. d4 d5 2. Bf4 Nf6 3. Nf3 c5 4. dxc5 Nc6 5. e3 e6 6. Be2 Bxc5 7. h3 Bd7 8. 0-0 0-0 9. Nc3 Rc8 10. a3 Ne7 11. Bd3 Ng6 12. Bh2 Re8 13. Re1 Bc6 14. b4 Bd6 15. b5 Bxh2+ 16. Nxh2 Bd7 17. Ne2 Ne5 18. a4 Rc5 19. Nf3 Nxf3+ 20. gxf3 e5 21. Kh2 e4 22. Rg1 exd3 23. cxd3 Nh5 24. Nd4 Qh4 25. Qf1 Rec8 26. Ne2 Rc2 27. Re1 Ra2 28. Rg2 Qxh3+ 29. Kg1 Qxf3 30. Rh2 Rxa4 31. Nd4 Qg4+ 32. Rg2 Qh4 33. Rh2 Qg5+ 34. Rg2 Qe5 35. f4 Qf6 36. Qf3 Nxf4 37. exf4 Qxd4+ 38. Kh2 Qxf4+ 39. Qxf4 Rxf4 0-1

[Event "Mostoles op 10th"]
[Site "Mostoles"]
[Date "2019.07.20"]
[Round "3"]
[White "Tudoroiu, Adrian Eugeni"]
[Black "Olmedo Alvarez, Jesus"]
[Result "1/2-1/2"]
[WhiteElo "1108"]
[BlackElo "1377"]
[PlyCount "119"]
[EventDate "2019.07.18"]
[EventType "swiss"]
[EventRounds "9"]
[EventCountry "ESP"]
[SourceTitle "EXT 2020"]
[Source "ChessBase"]
[SourceDate "2019.10.17"]
[SourceVersion "1"]
[SourceVersionDate "2019.10.17"]
[SourceQuality "1"]

1. d4 e6 2. Bf4 f5 3. Nf3 Nf6 4. e3 d5 5. Be2 c6 6. 0-0 Be7 7. c4 0-0 8. Nbd2 Nh5 9. Be5 Nd7 10. a3 Nhf6 11. Ng5 Nxe5 12. dxe5 Ne4 13. Ngxe4 fxe4 14. f3 Bc5 15. fxe4 Bxe3+ 16. Kh1 Bd4 17. Rxf8+ Qxf8 18. cxd5 Bxb2 19. Rb1 Bxe5 20. dxc6 bxc6 21. Nc4 Bc7 22. Qd4 c5 23. Qc3 Ba6 24. Rf1 Qe7 25. Qf3 Bb7 26. Bd3 Rd8 27. Kg1 Ba8 28. Qe3 Rf8 29. g3 Rxf1+ 30. Kxf1 Qf6+ 31. Qf2 Qxf2+ 32. Kxf2 Kf7 33. Kf3 Kf6 34. h4 h6 35. h5 Bc6 36. g4 Kg5 37. Ne3 Bf4 38. Ng2 Bc1 39. Bc4 e5 40. Ne3 Bxa3 41. Nf5 Kf6 42. Nd6 Ba4 43. Nb5 Bd1+ 44. Kg3 Bc1 45. Nc3 Bf4+ 46. Kh4 Bf3 47. Bd3 g5+ 48. hxg6 Kxg6 49. Ne2 Bxe2 50. Bxe2 a5 51. Bb5 Kf6 52. Kh5 Ke6 53. Kg6 Kd6 54. Kf6 Kc7 55. Ke6 Kb6 56. Ba4 c4 57. Kd5 c3 58. Kc4 Bd2 59. Kd5 Bf4 60. Kc4 1/2-1/2

[Event "Madrid San Viator op-B 30th"]
[Site "Madrid"]
[Date "2018.05.20"]
[Round "6"]
[White "Jimenez Perez, Federico"]
[Black "Tudoroiu, Adrian Eugeni"]
[Result "1-0"]
[WhiteElo "1377"]
[BlackElo "1110"]
[PlyCount "59"]
[EventDate "2018.04.08"]
[EventType "swiss"]
[EventRounds "9"]
[EventCountry "ESP"]
[SourceTitle "EXT 2019"]
[Source "ChessBase"]
[SourceDate "2018.10.10"]
[SourceVersion "1"]
[SourceVersionDate "2018.10.10"]
[SourceQuality "1"]

1. e4 e5 2. Nf3 Nc6 3. Bb5 Nf6 4. Nc3 Bc5 5. 0-0 0-0 6. a3 a6 7. Ba4 Bd4 8. d3 Re8 9. Bb3 h6 10. Nh4 Ne7 11. Kh1 d5 12. h3 c6 13. Ne2 dxe4 14. Ng3 g5 15. Nh5 Ng6 16. Nxg6 Kh7 17. Bxf7 Bf5 18. Bxe8 Bxg6 19. Bxg6+ Kxg6 20. Nxf6 Qxf6 21. Be3 Bxb2 22. Rb1 Bd4 23. Bxd4 exd4 24. dxe4 b5 25. Qd3 Qe5 26. g3 h5 27. Rg1 g4 28. f4 gxf3 29. Qxf3 Rh8 30. Rbf1 1-0

[Event "Madrid San Viator op-B 30th"]
[Site "Madrid"]
[Date "2018.04.15"]
[Round "2"]
[White "Jarne Anguita, Miguel"]
[Black "Tudoroiu, Adrian Eugeni"]
[Result "1-0"]
[WhiteElo "1445"]
[BlackElo "1110"]
[PlyCount "57"]
[EventDate "2018.04.08"]
[EventType "swiss"]
[EventRounds "9"]
[EventCountry "ESP"]
[SourceTitle "EXT 2019"]
[Source "ChessBase"]
[SourceDate "2018.10.10"]
[SourceVersion "1"]
[SourceVersionDate "2018.10.10"]
[SourceQuality "1"]

1. d4 Nf6 2. Nf3 g6 3. e3 Bg7 4. b3 d6 5. Bb2 a5 6. Nbd2 Na6 7. Nc4 c5 8. Bd3 0-0 9. 0-0 b5 10. Na3 b4 11. Nc4 Be6 12. a3 d5 13. Nce5 Nd7 14. c3 f6 15. Nxd7 Qxd7 16. dxc5 f5 17. axb4 Nxb4 18. cxb4 Bxb2 19. Rxa5 Rxa5 20. bxa5 Rb8 21. Ng5 d4 22. Nxe6 dxe3 23. fxe3 Bc1 24. Rf3 Qd5 25. Qxc1 Qxd3 26. Qc4 Qb1+ 27. Rf1 Rxb3 28. Rxb1 Rxb1+ 29. Kf2 1-0

[Event "Madrid San Viator op-B 29th"]
[Site "Madrid"]
[Date "2017.11.12"]
[Round "9"]
[White "Estebaran Rodriguez, Guillermo"]
[Black "Tudoroiu, Adrian Eugeni"]
[Result "0-1"]
[WhiteElo "1176"]
[BlackElo "1101"]
[PlyCount "104"]
[EventDate "2017.09.17"]
[EventType "swiss"]
[EventRounds "9"]
[EventCountry "ESP"]
[SourceTitle "EXT 2019"]
[Source "ChessBase"]
[SourceDate "2018.10.10"]
[SourceVersion "1"]
[SourceVersionDate "2018.10.10"]
[SourceQuality "1"]

1. e4 g6 2. Nf3 Bg7 3. g3 d6 4. Bg2 Nf6 5. e5 dxe5 6. Nxe5 0-0 7. 0-0 e6 8. b3 Ne8 9. Bb2 Nd7 10. Qe2 Nd6 11. d4 Nxe5 12. dxe5 Nf5 13. Rd1 Qe7 14. Ba3 c5 15. Nc3 Nd4 16. Qd3 Bxe5 17. Rab1 Rd8 18. Bc1 Nc6 19. Qe2 Bxc3 20. Rxd8+ Nxd8 21. Qd3 Bg7 22. Be3 Rb8 23. Rd1 Bf6 24. Bf4 e5 25. Bxe5 Bf5 26. Qd6 Qxe5 27. Qxe5 Bxe5 28. Re1 f6 29. f4 Bd4+ 30. Kf1 Ne6 31. Bd5 Re8 32. Bxb7 Bxc2 33. Bd5 Bd3+ 34. Kg2 Bf5 35. Kf3 Kg7 36. g4 Ng5+ 37. fxg5 Rxe1 38. gxf5 Rf1+ 39. Kg2 Rxf5 40. Be4 Rxg5+ 41. Kf1 Rg1+ 42. Ke2 Ra1 43. a4 Ra2+ 44. Kd3 Rxh2 45. b4 f5 46. Bd5 Bg1 47. b5 Rh4 48. Bc4 f4 49. a5 Rh3+ 50. Kd2 Ra3 51. b6 axb6 52. a6 Kf6 0-1

[Event "Madrid San Viator op-B 29th"]
[Site "Madrid"]
[Date "2017.11.01"]
[Round "7"]
[White "Tudoroiu, Adrian Eugeni"]
[Black "Serrano Ruiz, Miguel"]
[Result "0-1"]
[WhiteElo "1101"]
[BlackElo "1237"]
[PlyCount "80"]
[EventDate "2017.09.17"]
[EventType "swiss"]
[EventRounds "9"]
[EventCountry "ESP"]
[SourceTitle "EXT 2019"]
[Source "ChessBase"]
[SourceDate "2018.10.10"]
[SourceVersion "1"]
[SourceVersionDate "2018.10.10"]
[SourceQuality "1"]

1. d4 e5 2. dxe5 Nc6 3. Nf3 Qe7 4. c3 Nxe5 5. e4 d6 6. Be3 Bg4 7. Nbd2 Nxf3+ 8. gxf3 Bd7 9. h4 Nf6 10. Bd3 d5 11. Qb3 b6 12. exd5 Qd6 13. c4 b5 14. Ne4 Nxe4 15. fxe4 a6 16. Rc1 Rb8 17. c5 Qe5 18. f4 Qe7 19. f5 Bxf5 20. d6 cxd6 21. cxd6 Qe5 22. Rc5 Qg3+ 23. Kd2 Qg2+ 24. Be2 Qxh1 25. Rxf5 Rb7 26. Rxf7 Qxe4 27. Rxb7 Qxb7 28. Qe6+ Be7 29. Bg5 Qd7 30. Qxd7+ Kxd7 31. Bxe7 h6 32. Ke3 g5 33. h5 Rg8 34. Kd4 g4 35. a4 g3 36. axb5 g2 37. bxa6 g1Q+ 38. Kd3 Rg3+ 39. Kd2 Qd4+ 40. Ke1 Rg1+ 0-1

[Event "Madrid San Viator op-B 29th"]
[Site "Madrid"]
[Date "2017.10.08"]
[Round "4"]
[White "Tudoroiu, Adrian Eugeni"]
[Black "Giron Herranz, Juan"]
[Result "1-0"]
[WhiteElo "1101"]
[BlackElo "1366"]
[PlyCount "106"]
[EventDate "2017.09.17"]
[EventType "swiss"]
[EventRounds "9"]
[EventCountry "ESP"]
[SourceTitle "EXT 2019"]
[Source "ChessBase"]
[SourceDate "2018.10.10"]
[SourceVersion "1"]
[SourceVersionDate "2018.10.10"]
[SourceQuality "1"]

1. d4 d5 2. Bf4 Nc6 3. e3 Nf6 4. Bd3 g6 5. Nd2 Bg7 6. c3 Nh5 7. Bg3 e5 8. Be2 Nxg3 9. hxg3 e4 10. c4 Be6 11. a4 Qe7 12. Qc2 0-0 13. Nh3 Rad8 14. a5 Qb4 15. Ra4 Qd6 16. c5 Qd7 17. Qd1 Ne7 18. b4 Bxh3 19. gxh3 c6 20. g4 f5 21. f3 Bh6 22. f4 Bg7 23. h4 Bf6 24. g5 Bg7 25. Nf1 Kf7 26. Ng3 Rh8 27. h5 Rhg8 28. hxg6+ hxg6 29. Rh7 Rh8 30. Rxh8 Rxh8 31. Kd2 Qe8 32. Kc3 Rh3 33. Nf1 Qh8 34. a6 b6 35. cxb6 Nc8 36. b7 Nb6 37. Ra2 Ke7 38. b5 Kd7 39. Qb3 Qd8 40. Ra5 Bf8 41. bxc6+ Kxc6 42. Bb5+ Kc7 43. Kd2 Kb8 44. Ke2 Qc7 45. Ra2 Rh1 46. Rc2 Qd8 47. Rc6 Bd6 48. Kd2 Rh3 49. Kc2 Rf3 50. Nd2 Rf2 51. Qc3 Rxd2+ 52. Qxd2 Qf8 53. Qh2 Qe7 1-0

[Event "Collado Villalba op-B 34th"]
[Site "Collado Villalba"]
[Date "2017.08.28"]
[Round "7"]
[White "Martin Rodriguez, Jose Luis"]
[Black "Tudoroiu, Adrian Eugeni"]
[Result "1-0"]
[WhiteElo "1291"]
[BlackElo "1101"]
[PlyCount "77"]
[EventDate "2017.08.22"]
[EventType "swiss"]
[EventRounds "9"]
[EventCountry "ESP"]
[SourceTitle "CBM 180 Extra"]
[Source "ChessBase"]
[SourceDate "2017.10.06"]
[SourceVersion "1"]
[SourceVersionDate "2017.10.06"]
[SourceQuality "1"]

1. c4 Nf6 2. Nc3 g6 3. Nf3 d6 4. g3 Bg7 5. Bg2 0-0 6. 0-0 c5 7. d3 a6 8. Rb1 Re8 9. Bd2 e5 10. Bg5 Nbd7 11. Nd2 h6 12. Bxf6 Bxf6 13. Nde4 Be7 14. a3 f5 15. Nd2 Bf6 16. e3 Re6 17. Bd5 Nb6 18. Bxe6+ Bxe6 19. f4 Qd7 20. Qf3 Kf7 21. Rf2 h5 22. Nd5 Qc6 23. Nxf6 Qxf3 24. Nxf3 Kxf6 25. h4 e4 26. dxe4 fxe4 27. Nd2 Nxc4 28. Nxe4+ Ke7 29. Re2 Bf5 30. Rc1 Bxe4 31. Rxc4 d5 32. Rxc5 Kd6 33. Rc1 b5 34. Rd2 a5 35. Rd4 Ke6 36. Rc5 Rb8 37. Rd1 Kd6 38. Rdc1 Rb6 39. Rc7 1-0

[Event "Collado Villalba op-B 34th"]
[Site "Collado Villalba"]
[Date "2017.08.25"]
[Round "4"]
[White "Orta Vazquez, Mario"]
[Black "Tudoroiu, Adrian Eugeni"]
[Result "1-0"]
[WhiteElo "1424"]
[BlackElo "1101"]
[PlyCount "73"]
[EventDate "2017.08.22"]
[EventType "swiss"]
[EventRounds "9"]
[EventCountry "ESP"]
[SourceTitle "CBM 180 Extra"]
[Source "ChessBase"]
[SourceDate "2017.10.06"]
[SourceVersion "1"]
[SourceVersionDate "2017.10.06"]
[SourceQuality "1"]

1. Nf3 Nf6 2. c4 g6 3. Nc3 d6 4. d4 Bg7 5. e4 0-0 6. Be2 a5 7. 0-0 Na6 8. a3 c5 9. d5 Nd7 10. Qc2 Re8 11. Bf4 Ne5 12. Rfd1 Bg4 13. Bxe5 Bxf3 14. Bxg7 Bxe2 15. Qxe2 Kxg7 16. e5 e6 17. Nb5 dxe5 18. dxe6 Qf6 19. exf7 Qxf7 20. Nd6 Qf6 21. Nxe8+ Rxe8 22. Rd7+ Re7 23. Rad1 Nb8 24. Rxe7+ Qxe7 25. Rd5 Nd7 26. Qd2 Nb6 27. Rd6 Qc7 28. b3 Kf7 29. Rd3 Ke6 30. Qxa5 Qc6 31. Qd2 Nd7 32. f3 e4 33. fxe4 Ne5 34. Rd5 Ng4 35. h3 Nf6 36. Qe2 Nxd5 37. exd5+ 1-0